000
00295nam a2200145Ia 4500
100
_a
Infuse Inc
942
_c
RB
654
_a
engineering
245
_a
Re engineering
260
_b
Infuse Inc
_a
New Delhi
_c
1995
082
_a
658.562
_b
INF
300
_a
66
546
_a
ENGLISH
999
_c
19895
_d
19895